000 01150cam a2200313 a 4500
999 _c232880
_d232880
001 4035761
003 NUST
005 20180117090024.0
008 980925s1998 dcua b 000 0 eng
010 _a 98045370
020 _a0821343939 (pbk.)
040 _aDLC
_cDLC
_dDLC
043 _aa-ii---
050 0 0 _aHC435.2
_b.I47 1998
082 0 0 _a338.954
_221
245 0 0 _aIndia, 1998 macroeconomic update :
_breforming from growth and poverty reduction.
260 _aWashington, D.C. :
_bWorld Bank,
_c1998.
300 _axvi, 126 p. :
_bill. ;
_c28 cm.
440 2 _aA World Bank country study,
_x0253-2123
504 _aIncludes bibliographical references (p. [39]-41).
650 0 _aFinance
_zIndia.
651 0 _aIndia
_xEconomic conditions
_y1947-
651 0 _aIndia
_xEconomic policy
_y1991-
710 2 _aWorld Bank.
906 _a7
_bcbc
_corignew
_d1
_eocip
_f19
_gy-gencatlg
942 _2ddc
_cBK